JHCSC Library Logo Welcome to JHCSC LibraryWhere Every Page Begins a New Adventure.    Vision: A leading public higher education institution serving the ASEAN community through quality, innovative, and culture-sensitive programs.    Mission: To provide relevant and responsive programs in Agriculture, Education, and other fields aligned with its vision. It undertakes applied research, extension, and production services that yield practical and lasting solutions to sector-specific challenges, improving the socio-economic well-being of identified communities.

office productivity (Record no. 11339)

MARC details
000 -LEADER
fixed length control field 00467nam a22001577a 4500
005 - DATE AND TIME OF LATEST TRANSACTION
control field 20260216011221.0
008 - FIXED-LENGTH DATA ELEMENTS--GENERAL INFORMATION
fixed length control field 260216b |||||||| |||| 00| 0 eng d
020 ## - INTERNATIONAL STANDARD BOOK NUMBER
International Standard Book Number 978 971 37 0392 7
040 ## - CATALOGING SOURCE
Transcribing agency JHCSC
082 ## - DEWEY DECIMAL CLASSIFICATION NUMBER
Classification number 005.5 J49 2010
100 ## - MAIN ENTRY--PERSONAL NAME
9 (RLIN) 10146
Personal name Jemma Development Group
Relator term author
245 ## - TITLE STATEMENT
Title office productivity
Remainder of title using MS Office 2007
260 ## - PUBLICATION, DISTRIBUTION, ETC.
Place of publication, distribution, etc. philippines
Name of publisher, distributor, etc. jemma development group
Date of publication, distribution, etc. 2010
300 ## - PHYSICAL DESCRIPTION
Extent xv. 395 pages
Other physical details with pictures
942 ## - ADDED ENTRY ELEMENTS (KOHA)
Source of classification or shelving scheme Dewey Decimal Classification
Koha item type Book
Holdings
Withdrawn status Lost status Source of classification or shelving scheme Damaged status Not for loan Collection code Home library Current library Shelving location Date acquired Full call number Barcode Date last seen Price effective from Koha item type Total Checkouts
    Dewey Decimal Classification     Information Technology JHCSC - Canuto MS Enero Campus Library JHCSC - Canuto MS Enero Campus Library Circulation 11/12/2013 005.5 J49 2010 2013 445 c 02/16/2026 02/16/2026 Book  
    Dewey Decimal Classification     Information Technology JHCSC - Canuto MS Enero Campus Library JHCSC - Canuto MS Enero Campus Library Circulation 11/11/2013 005.5 J49 2010 2013-446 c 02/18/2026 02/16/2026 Book  
    Dewey Decimal Classification     Information Technology JHCSC - Canuto MS Enero Campus Library JHCSC - Canuto MS Enero Campus Library Circulation 11/11/2013 005.5 J49 2010 2013-443 02/18/2026 02/16/2026 Book  
    Dewey Decimal Classification     Information Technology JHCSC - Canuto MS Enero Campus Library JHCSC - Canuto MS Enero Campus Library Circulation 11/11/2013 005.5 J49 2010 2013-444 C 02/27/2026 02/27/2026 Book  
    Dewey Decimal Classification     Information Technology JHCSC - Main Campus Library JHCSC - Main Campus Library Circulation 11/12/2013 005.5 J49 2010 2013- 447 c 02/16/2026 02/16/2026 Book  
© J.H. Cerilles State College | All Rights Reserved
Designed by Terhevic L. Bation & Gerald Biad, Library IT Staff